logo

Bir Sreshtho Munshi Abdur Rouf Library
Jhenaidah Cadet College

বাদশাহ নামদার / (Record no. 346)

MARC details
000 -LEADER
fixed length control field 00677nam a2200229 a 4500
001 - CONTROL NUMBER
JCCL Control Number 346
003 - CONTROL NUMBER IDENTIFIER
JCCL marc code BD-JhCC
005 - DATE AND TIME OF LATEST TRANSACTION
control field 20171004093009.0
008 - FIXED-LENGTH DATA ELEMENTS--GENERAL INFORMATION
fixed length control field 171004s2013 bg |||| ||a| 000 0 ben d
020 ## - INTERNATIONAL STANDARD BOOK NUMBER
International Standard Book Number 9789845021076
035 ## - SYSTEM CONTROL NUMBER
system control number (BD-JhCC)346
040 ## - CATALOGING SOURCE
Original cataloging agency BD-JhCC
Modifying agency BD-JhCC
041 ## - LANGUAGE CODE
Language code of Book ben
082 ## - DEWEY DECIMAL CLASSIFICATION NUMBER
Classification number 954.025
Author mark and Year AHM 2013
100 ## - MAIN ENTRY--PERSONAL NAME
Personal name আহমেদ, হুমায়ূন
245 ## - TITLE STATEMENT
Title বাদশাহ নামদার /
Statement of responsibility, etc হুমায়ূন আহমেদ
260 ## - PUBLICATION, DISTRIBUTION, ETC. (IMPRINT)
Place of publication, distribution, etc ঢকা :
Name of publisher, distributor, etc অন্যপ্রকাশ প্রকাশনী,
Date of publication, distribution, etc 2013.
300 ## - PHYSICAL DESCRIPTION
Pagination 231 p.:
Dimensions 20 cm.
650 ## - SUBJECT ADDED ENTRY--TOPICAL TERM
Topical term or geographic name as entry element India Mogul Empire
942 ## - ADDED ENTRY ELEMENTS (KOHA)
Source of classification or shelving scheme Dewey Decimal Classification
Koha item type Books
Holdings
Source of classification or shelving scheme Damaged status Not for loan Home library Current library Shelving location Date of accession Cost, normal purchase price Total Checkouts Full call number Barcode Date last seen Copy number Koha item type
Dewey Decimal Classification     JCC Rouf Library JCC Rouf Library General Stacks 10/04/2017 400.00   954.025 AHM 2013 1332 10/04/2017 C-1 Books

JCC Library | Contacts | JCC Home

Last Update on 23 September 2017
Copyright @ 2017-2020 JCC Rouf Library
Rouf Library, Jhenidah Cadet College (JCC), Bangladesh